000 01100cam a2200361 a 4500
001 7140564
003 ARRUPE
005 20131007144205.0
008 081030s2008 enk b 001 0 eng
020 _a9781842274606 (pbk.)
020 _a1842274600 (pbk.)
024 _a40016541055
035 _a(OCoLC)269433360
035 _a(OCoLC)ocn269433360
035 _a(NNC)7140564
040 _aUKM
_cUKM
_dYDXCP
_dNhCcYBP
042 _aukblsr
050 4 _aB945
_b.D384.V655
100 1 _aVidu, Adonis.
_92154
245 1 0 _aTheology after neo-pragmatism /
_cAdonis Vidu.
260 _aMilton Keynes :
_bPaternoster,
_c2008.
300 _axx, 308 p. ;
_c23 cm.
490 1 _aPaternoster theological monographs
504 _aIncludes bibliographical references and index.
600 _aDavidson, Donald
_92155
650 0 _aEvangelicalism.
_92156
650 0 _aTheology
_xDoctrinal
_xHistory
_y20th Century
_92157
650 0 _aPragmatism.
_92158
830 0 _aPaternoster theological monographs.
_92159
942 _2lcc
_cMONOGRAPH
948 1 _a20090415
_bc
_csl13
_dMPS
999 _c118259
_d118259